000
00194 a2200097 4500
001
9231
100
_a
T E S
245
_a
Intelligence testing
260
_a
_b
Time pub.
_c
090
_c
7401
_d
7401
942
_a
NUST-CAE
_c
M
_c
34047
999
_c
244304
_d
244304